| 000 | 00851nam a2200289 4500 | ||
|---|---|---|---|
| 001 | 21969 | ||
| 003 | BD-RjUL | ||
| 005 | 20211209000742.0 | ||
| 008 | 140306s1964 ii 000 0 eng d | ||
| 035 | _a(BD-RjUL)22034 | ||
| 040 |
_aVZJ _cVZJ _dEQO _dBD-RjUL _beng |
||
| 041 | _aeng | ||
| 082 | 0 | 0 |
_a823 _bTAF 1964 |
| 090 |
_aPK1718.R3 _bF3 1958 |
||
| 100 | 1 |
_aTagore, Rabindranath _d1861-1941. _945145 |
|
| 245 | 1 | 0 |
_aFarewell, my friend, and, The garden : _btwo novelettes / _cby Rabindranath Tagore |
| 246 | 3 | _aGarden | |
| 250 | _a4th ed. | ||
| 260 |
_aBombay : _bJaico Pub. House, _c1964. |
||
| 300 |
_a187 p. ; _c17 cm. |
||
| 490 | 0 |
_aJaico book ; _vJ-42 |
|
| 500 | _aTranslations of Sesher Kavita and Malancha. | ||
| 651 |
_aIndia _x Fiction _956323 |
||
| 700 | 1 |
_aKripalani, K.R. _967848 |
|
| 942 |
_2ddc _cBK |
||
| 999 |
_c21969 _d21969 |
||